00387nam a2200145Ia 4500008004100000020001500041041001200056082001600068100001700084245007300101260002500174300000900199650001600208700001700224221030s9999 xx 000 0 und d a0074638106 aEnglish a105.23bPap aC. H. Pappas 0aVisual C++ 6 : The Complete Referencecby C. H. Pappas, W. H. Murray bTMHaNew Delhic2006 a1015 aBE Computer aW. H. Murray